Quizzes
Events
Quiz Creation
Community
Videos
Private Events
Remove Ads
Sign In
Join for FREE
Feedback
Dark Mode
Quiz Categories
Sports
Geography
Music
Movies
Television
Just For Fun
Miscellaneous
History
Literature
Language
Science
Gaming
Entertainment
Religion
Holiday
For Kids
Quiz Lab
Recent
Popular Today
Quiz Kudos Today
Editor Picks
Curator Picks
Quizzes by...
Day
Popularity
Type
Ratings
Length
Year
Community
Subscriptions
Recent Discussions
Orange Saloon
Badges
Playlists
Quests
Create
Leaderboards
Showdown
Live 5
Trivia Bingo
Activity
Puzzle Library
Sporcle Events
Private Events
Virtual Trivia
Globe League
Become a Host
Pub Owners
SporcleCon
Opinionation
Our Games
Videos
Blog
Mobile Apps
Partnerships
Remove Ads and Go Orange
Feedback
Television
TV Characters
TV Show
Sitcom
Network
Friends
Reality Shows
Cast
South Park
Star Trek
The Simpsons
Doctor Who
Television
TV Characters
TV Show
Sitcom
Network
Friends
Reality Shows
Cast
South Park
Star Trek
The Simpsons
Doctor Who
Random Quiz
Search Sporcle
×
Quiz Lab
Quiz Lab
Television
How I Met Your Mother
Type in answers that appear in a list
Type in answers that appear in a list
Classic
Best Score? Go Orange.
How I Met Your Mother Episode Names Stats
Can you name the How I Met Your Mother episodes?
By
Violekath
20m
136 Questions
587 Plays
587 Plays
587 Plays
Comments
Comments
Give Quiz Kudos
Give Quiz Kudos
-
- Ratings
hide this ad
Replay
Link that replays current quiz
Next Quiz
Link to next quiz in quiz playlist
You Got
0%
They Got
Avg Score
73%
Avg Friend Score
Upgrade to see
Score Distribution
Jump to the score distribution portion of the page
Score
0/136
Timer
20:00
0
Plays Today
Season
Episode Name
% Correct
Season One
Pilot
95.9%
Season One
Purple Giraffe
92.3%
Season One
The Wedding
89.6%
Season Three
Slapsgiving
86.7%
Season Two
Slap Bet
86%
Season Two
Something Blue
85.7%
Season Two
Something Borrowed
85.5%
Season One
The Sweet Taste of Liberty
84.5%
Season One
The Slutty Pumpkin
84.5%
Season One
The Return of the Shirt
84.3%
Season One
Come On
84%
Season One
Okay Awesome
83.5%
Season One
Milk
83%
Season One
The Pineapple Incident
82.8%
Season Two
Swarley
82.5%
Season One
Nothing Good Happens After 2 a.m.
82.3%
Season One
Zip, Zip, Zip
82.1%
Season One
The Limo
81.9%
Season One
The Duel
81.6%
Season One
Cupcake
81.6%
Season Three
Wait for It
81.6%
Season Four
The Best Burger in New York
81.6%
Season Two
Where Were We?
80.9%
Season Four
The Leap
80.6%
Season Two
How Lily Stole Christmas
80.4%
Season Two
Ted Mosby: Architect
79.9%
Season Five
Definitions
79.9%
Season Five
The Playbook
79.7%
Season Five
Robin 101
79.6%
Season One
Mary the Paralegal
79.4%
Season Five
The Wedding Bride
79.4%
Season Five
Doppelgangers
79.2%
Season Three
The Goat
78.9%
Season Two
Brunch
78.7%
Season Two
Atlantic City
78.7%
Season Three
Miracles
78.7%
Season Five
Slapsgiving 2: Revenge of the Slap
78.7%
Season One
Belly Full of Turkey
78.4%
Season Three
Sandcastles in the Sand
78.4%
Season Three
How I Met Everyone Else
78.2%
Season Six
Bad News
78.2%
Season One
Game Night
77.9%
Season One
Best Prom Ever
77.9%
Season Four
I Heart NJ
77.2%
Season Two
Bachelor Party
76.7%
Season One
The Matchmaker
76.5%
Season
Episode Name
% Correct
Season Two
Stuff
76.5%
Season Five
Double Date
76.1%
Season One
Drumroll Please
75.8%
Season Four
Do I Know You?
75.3%
Season Six
Subway Wars
75.3%
Season Two
Aldrin Justice
75%
Season Three
Ten Sessions
75%
Season Four
Shelter Island
74.8%
Season Six
Blitzgiving
74.8%
Season Five
Girls Versus Suits
74.6%
Season Five
Robots Versus Wrestlers
74.4%
Season Two
The Scorpion and the Toad
74.3%
Season Two
Arrivederci, Fiero
74.3%
Season Three
We're Not From Here
74.3%
Season Four
Intervention
74.3%
Season Six
Oh Honey
74.1%
Season Two
First Time in New York
73.9%
Season Five
The Rough Patch
73.8%
Season One
Life Among the Gorillas
73.6%
Season Five
Duel Citizenship
73.6%
Season Two
World's Greatest Couple
73.1%
Season Six
Glitter
73.1%
Season Five
The Sexless Innkeeper
72.9%
Season Five
Rabbit or Duck
72.7%
Season Four
Little Minnesota
72.6%
Season Four
Mosbius Designs
72.6%
Season Five
Perfect Week
72.6%
Season Three
Little Boys
72.1%
Season Six
Last Words
72.1%
Season Three
The Platinum Rule
71.9%
Season Four
Three Days of Snow
71.9%
Season Six
Architect of Destruction
71.9%
Season Two
Monday Night Football
71.7%
Season Two
Moving Day
71.7%
Season Four
As Fast as She Can
71.6%
Season Four
The Naked Man
71.4%
Season Four
Murtaugh
71.2%
Season Two
Lucky Penny
70.9%
Season Two
Showdown
70.5%
Season Three
Rebound Bro
69.8%
Season Five
Bagpipes
69.7%
Season Six
False Positive
69.5%
Season Two
Single Stamina
69.3%
Season Three
No Tomorrow
69.3%
Season Five
Jenkins
69.3%
Season Two
Columns
69.2%
Season
Episode Name
% Correct
Season Six
Natural History
69.2%
Season Five
The Window
69%
Season Five
Twin Beds
68.7%
Season Six
Big Days
68.5%
Season Six
The Mermaid Theory
68.5%
Season Six
Desperation Day
68.5%
Season Six
Legendaddy
68.5%
Season Three
The Yips
67.6%
Season Six
Garbage Island
67.6%
Season Four
The Front Porch
67.5%
Season Four
Right Place, Right Time
67.5%
Season Four
The Stinsons
67.3%
Season Four
Sorry, Bro
67.3%
Season Three
Everything Must Go
67%
Season Four
The Fight
66.8%
Season Four
The Possimpible
66.6%
Season Six
Cleaning House
66.3%
Season Five
Of Course
66.1%
Season Four
Not a Father's Day
65.9%
Season Six
Baby Talk
65.8%
Season Four
Woooo!
65.6%
Season Five
Last Cigarette Ever
65.6%
Season Five
Zoo or False
65.6%
Season Five
Say Cheese
65.1%
Season Five
Hooked
64.6%
Season Three
I'm Not That Guy
64.4%
Season Six
Canning Randy
64.4%
Season Three
The Third Wheel
64.1%
Season Four
The Three Days Rule
63.9%
Season Three
Dowisetrepla
63.7%
Season Six
Challenge Accepted
63.5%
Season Six
Exploding Meatball Sub
62.4%
Season Five
Home Wreckers
62.2%
Season Six
Unfinished
62.2%
Season Six
The Perfect Cocktail
62.2%
Season Four
Happily Ever After
61.8%
Season Four
Old King Clancy
61%
Season Three
The Bracket
60.6%
Season Six
Hopeless
60.5%
Season Four
Benefits
59.8%
Season Three
Spoiler Alert
59.6%
Season Six
Landmarks
59.3%
Season Six
A Change of Heart
58.9%
Season Three
The Chain of Screaming
58.6%
Quiz Playlist
Details
Report
Send in Message
Add To Playlist
Classic:
Type in answers that appear in a list
Last Updated: Feb 16, 2017
Quiz Scoreboard
CHALLENGE
Sign Up to Join the Scoreboard
Show All
Scores
Hide
Comments
May contain spoilers
Recently Published
Presidents Visiting Landmarks
by Hejman
History
7m
An Introduction to Baseball
by treessimontrees
Sports
5m
Movies - When Are They Set?
by FPL_Elf
Movies
5m
More to Explore
Quiz From the Vault
Featured Blog Post
Where Did the Easter Bunny Come From?
hide this ad
You Might Also Like...
Tags
episode
How I Met Your Mother
met
Mother
season
Today's Top Quizzes in Television
Browse Television
hide this ad
Today's Top Quizzes in How I Met Your Mother
Browse How I Met Your Mother
Top Contributed Quizzes in Television
1
5-to-1: The Simpsons Families
2
One Piece Logic Puzzle
3
5-to-1: Television Doctors
4
7-to-1: TV Show Settings
5
5-to-1: Streaming Originals
6
Survivor Logic Puzzle: Heroes vs. Villains
7
Survivor Seasons
8
Survivor Season by Logo
9
One Thing in Common: Television
10
Survivor Trivia
Explore More
Trending Topics
Anime
NBA
Harry Potter
Kpop
Disney
Crossword
Marvel
Country
NFL
WWE
Song
Soccer
Puzzle
The Office
Pokémon
hide this ad
More By:
Violekath
Quiz
Plays
Rating
Category
Featured
Created
How I Met Your Mother Episode Names
587
5.00
Television
Feb 3, 2011
Can you name the episodes of Heroes?
86
Television
Sep 2, 2010
Can you name the episodes of Angel?
84
3.33
Television
Sep 2, 2010
Go to Creator's Profile
Score Distribution
Quiz Creator Spotlight
Violekath
Follow
Send a Message
Quizzes Created
-
Created Quiz Play Count
-
More By This Creator
Popular Quizzes Today
1
Find the US States - No Outlines Minefield
2
Find the Countries of Europe - No Outlines Minefield
3
The Countries of the World
4
Find the US States
5
Popular People in 1961
6
US States
7
Risky Map Clicking: Biggest States A-Z
8
Movies - When Are They Set?
More Television Quizzes
Ever-Present 'Game of Thrones' Characters
Published
Trending Quizzes
Risky Map Clicking: Least Populous States A-Z
1-10 Letter G Words
1-10 Letter F Words
Risky Map Clicking: Next State Alphabetically
Risky Map Clicking: Biggest States A-Z
Recently Updated
Leaping Animals
pecheneg
Reality TV Shows (A-Z)
bhenderson79
Rickey Henderson's Hall of Fame Teammates
pecheneg
Champions League XIs: Arsenal
pecheneg
Quick Pick: Celebrities in WWE's Hall of Fame
aduchscher
A-Z Keypad Blitz II
pecheneg
Multiple Oscar Actors
pecheneg
Mystery Phrase Blitz: Oscar 'Best Actors'
pecheneg
F. Scott Fitzgerald Novels
LTH
Pick 3 Villains
ddd62291
Trending Topics
Crossword
NBA
Kpop
Harry Potter
Disney
Marvel
Anime
Country
NFL
Soccer
The Office
Pokémon
WWE
Song
Puzzle
Your Account Isn't Verified!
In order to create a playlist on Sporcle, you need to verify the email address you used during registration. Go to your
Sporcle Settings
to finish the process.
Report this User
Report this user for behavior that violates our
Community Guidelines
.
Details:
Send Report
Go to the Sporcle.com Mobile Site →
Comments